000 00738nam a2200253 i 4500
001 C2-0252643
003 PPAK
005 20180727215806.0
008 031123s1983 my a|||| ||||| | may d
020 _a9679530019
040 _aPPAK
_beng
_cPPAK
_erda
082 0 4 _a956
_223
090 0 0 _a956
_bAZR
_dG
090 0 0 _a956
_bAZR
_dKAA
100 0 _aAzran A. Rahman,
_eauthor
245 1 0 _aTimur tengah sejarah dan politik
264 1 _aPetaling Jaya, Selangor :
_bPolygraphic Press Sdn. bhd. ,
_c1983
300 _a183 pages :
_billustrations ;
_c18 cm
336 _2rdacontent
_atext
337 _2rdamedia
_aunmediated
338 _2rdacarrier
_avolume
650 1 0 _aMiddle East - Politics and government - 1945-
942 _ddc
_cB
999 _c65644
_d65644